000 00406nam a2200157Ia 4500
003 GCL
008 140319s9999 xx 000 0 eng d
040 _aGCL /
_cGCL
082 0 4 _a744
_bB H
100 1 _aBOUCHE, DENISE
245 1 0 _aHISTOIRE DE LA COLONISATION FRANCEISE, TOME SECOND /
_cBOUCHE, DENISE
260 _a[S.N] :
_bFAYARD ،
_c1991
300 _a607 P
650 0 4 _aFRENCH
942 _2ddc
_cBK
999 _c23445
_d23445